Prognóza vývoja kapitálových trhov pomocou fraktálov a technickej analýzy
Technická analýza v kontexte predikcie vývoja trendov na kapitálových trhoch. Analýza grafov je štandardne využívaná hedge fondami, obchodníkmi, špekulantmi, ale jej priama predikčnosť exaktne potvrdená nikdy nebola. Záber autorovho príspevku bude smerovaný z jeho pohľadu na najdôležitejšie prvky te...
Saved in:
| Main Author: | |
|---|---|
| Format: | Book Chapter |
| Language: | Slovak |
| Subjects: | |
| Tags: |
No Tags, Be the first to tag this record!
|
MARC
| LEADER | 00000nla$a2200000$$$4500 | ||
|---|---|---|---|
| 001 | 0110407 | ||
| 005 | 20240502072222.4 | ||
| 041 | 0 | |a slo | |
| 044 | |a SK | ||
| 245 | 1 | 0 | |a Prognóza vývoja kapitálových trhov pomocou fraktálov a technickej analýzy |c Jozef Puchoň |
| 520 | |a Technická analýza v kontexte predikcie vývoja trendov na kapitálových trhoch. Analýza grafov je štandardne využívaná hedge fondami, obchodníkmi, špekulantmi, ale jej priama predikčnosť exaktne potvrdená nikdy nebola. Záber autorovho príspevku bude smerovaný z jeho pohľadu na najdôležitejšie prvky technickej analýzy ako sú suporty, rezistencie, trendové línie doplnené o fraktálnu teóriu vysvetlenú na príklade elliotových vĺn, ktorá svojimi stúpencami a kritikmi patrí medzi jednu z najkontroverznejších a najdiskutovanejších tém vo vzťahu predikovania vývoja na kapitálových trhoch. | ||
| 610 | 2 | 0 | |a trh kapitálový |
| 610 | 2 | 0 | |a trh kapitálový medzinárodný |
| 610 | 2 | 0 | |a vývoj |
| 610 | 2 | 0 | |a prognózovanie |
| 610 | 2 | 0 | |a analýza technická |
| 100 | 1 | |a Puchoň, Jozef | |